[Event "Mechanics' Fall TNM; G/2"]
[Site "San Francisco"]
[Date "2015.10.20"]
[Round "1.4"]
[White "Vickers, Keith"]
[Black "Yamamoto, Craig"]
[Result "1-0"]
[WhiteElo "2200"]
[BlackElo "1656"]
[PlyCount "39"]
[EventDate "2015.??.??"]

1. d4 d5 2. Bf4 Nf6 3. e3 Nbd7 4. Nd2 e6 5. Bd3 Nb6 6. c3 Bd6 7. Bg3 Bd7 8. f4
c5 9. Nh3 cxd4 10. exd4 Qc7 11. O-O O-O-O 12. a4 Kb8 13. Bb5 Rhg8 14. Qe2 Rde8
15. Bxd7 Qxd7 16. b3 Qc7 17. c4 dxc4 18. bxc4 Bb4 19. c5 Nbd5 20. f5 {
Black's position is bad, but he could still fight with 20...e5. Unfortunately
he did not see his queen was pinned and tried to play 20...Qd7. Realizing he
would be forced to move (and lose) his queen for a bishop he resigned.} 1-0

[Event "Mechanics' Winter TNM; 30/90, SD/30"]
[Site "San Francisco"]
[Date "2015.01.20"]
[Round "3.4"]
[White "Walder, Michael"]
[Black "Bekhtur, Bayaraa"]
[Result "1/2-1/2"]
[WhiteElo "2154"]
[BlackElo "1731"]
[PlyCount "111"]
[EventDate "2015.??.??"]

1. c4 Nf6 2. Nc3 g6 3. d4 Bg7 4. e4 d6 5. Nf3 O-O 6. Be2 e5 7. O-O Nh5 8. Be3
f5 9. dxe5 dxe5 10. exf5 gxf5 11. Nxe5 Bxe5 12. Bxh5 f4 13. Bc5 Bd6 14. Qd5+
Kg7 15. Bxd6 cxd6 16. Nb5 Rf5 17. Qd4+ Rf6 18. Rad1 Nc6 19. Qd2 Rh6 20. Qc3+
Kg8 21. Bf3 Qh4 22. Bd5+ Be6 23. Bxe6+ Rxe6 24. Rxd6 Rxd6 25. Nxd6 Rf8 26. c5
f3 27. Qc4+ Qxc4 28. Nxc4 Nd4 29. Rd1 Rf4 30. Ne3 Kf7 31. gxf3 Nxf3+ 32. Kg2
Nd4 33. b4 h5 34. b5 Ke6 35. a4 h4 36. h3 Ke5 37. Rd2 Ke4 38. Nc2 Nb3 39. Rd7
Nxc5 40. Rc7 Kd5 41. a5 a6 42. bxa6 bxa6 43. Ne3+ Kd6 44. Rh7 Kc6 45. Rh5 Nd3
46. Rf5 Rxf5 47. Nxf5 Kb5 48. Nxh4 Kxa5 49. Ng6 Nc5 50. h4 Ne6 51. h5 Ng5 52.
Ne5 Kb5 53. f4 Nh7 54. Kf3 a5 55. Ke3 Kb4 56. Kd3 {score ends} 1/2-1/2

[Event "Mechanics' Winter TNM; 30/90, SD/30"]
[Site "San Francisco"]
[Date "2015.02.10"]
[Round "6.7"]
[White "Walder, Michael"]
[Black "Grey, Peter"]
[Result "1-0"]
[WhiteElo "2154"]
[BlackElo "2006"]
[PlyCount "61"]
[EventDate "2015.??.??"]

1. c4 Nf6 2. Nc3 c5 3. Nf3 d5 4. cxd5 Nxd5 5. g3 g6 6. Bg2 Bg7 7. O-O O-O 8.
Ng5 e6 9. Nge4 Qe7 10. d3 f5 11. Nxd5 exd5 12. Bg5 Qc7 13. Nc3 d4 14. Nd5 Qf7
15. Be7 Re8 16. Bxc5 Be6 17. Nf4 Nd7 18. Ba3 Kh8 19. Bxb7 Rab8 20. Bf3 Ne5 21.
Nxe6 Nxf3+ 22. exf3 Qxe6 23. Re1 Qd5 24. Qa4 Qf7 25. f4 Bf6 26. Bd6 Rbd8 27.
Be5 Re6 28. Bxf6+ Rxf6 29. Re5 Re6 30. Rae1 Rxe5 31. fxe5 1-0

[Event "Mechanics' Spring TNM; G/2"]
[Site "San Francisco"]
[Date "2015.04.07"]
[Round "4.9"]
[White "Walder, Michael"]
[Black "Handler, Andrew"]
[Result "1-0"]
[WhiteElo "2143"]
[BlackElo "1672"]
[PlyCount "81"]
[EventDate "2015.??.??"]

1. e4 c5 2. Nf3 Nc6 3. d4 cxd4 4. Nxd4 g6 5. c4 Nf6 6. Nc3 Bg7 7. Be3 O-O 8.
Be2 d6 9. O-O Nxd4 10. Bxd4 Bd7 11. Qd2 a6 12. f3 Rb8 13. Rfd1 b5 14. cxb5 Bxb5
15. Nxb5 axb5 16. Qb4 Qe8 17. Rac1 Qd7 18. Rc2 Rfc8 19. Rdc1 Rxc2 20. Rxc2 Qb7
21. a3 e5 22. Bc3 Qb6+ 23. Kh1 Ne8 24. Bd2 h5 25. h3 Nf6 26. Qb3 Qb7 27. Bxb5
Kh7 28. a4 d5 29. exd5 Nxd5 30. Qc4 Nf6 31. Qc7 e4 32. Qxb7 Rxb7 33. Bc6 Re7
34. b4 exf3 35. Bxf3 Ne4 36. Bf4 f5 37. b5 Ra7 38. b6 Rxa4 39. b7 Ra1+ 40. Kh2
Bd4 41. Rc7+ 1-0

[Event "Mechanics' Leighton Allen TNM; G/2"]
[Site "San Francisco"]
[Date "2015.09.22"]
[Round "8.15"]
[White "Walder, Michael"]
[Black "Klinetobe, David"]
[Result "1-0"]
[WhiteElo "2113"]
[BlackElo "2000"]
[Annotator "Winslow,Elliott"]
[PlyCount "51"]
[EventDate "2015.??.??"]

1. c4 Nf6 2. Nc3 e6 3. d4 Bb4 4. Nf3 O-O 5. e3 d5 6. Bd3 b6 7. O-O Bb7 8. cxd5
exd5 9. Qc2 Re8 10. Ne5 Bxc3 11. bxc3 Nbd7 12. f4 c5 13. c4 cxd4 14. exd4 dxc4
15. Qxc4 Nxe5 16. dxe5 Rc8 17. Qb3 Qd4+ 18. Kh1 Ng4 19. Bb2 Nf2+ 20. Rxf2 Qxf2
21. Rg1 Re6 $2 (21... Red8 $19) 22. Bf5 Rh6 $2 (22... Rd8 23. Bxe6 fxe6 24.
Qxe6+ Kh8 {and the double threat of Qxb2 and Qxg2+ is impossible to meet.}) 23.
Bxc8 Bxc8 24. Rd1 Qh4 25. Qg3 Qe7 26. Qg5 1-0

[Event "Mechanics' Spring TNM; G/2"]
[Site "San Francisco"]
[Date "2015.04.28"]
[Round "7.9"]
[White "Walder, Michael"]
[Black "McCarty-Snead, Callaghan"]
[Result "1-0"]
[WhiteElo "2143"]
[BlackElo "1801"]
[PlyCount "121"]
[EventDate "2015.??.??"]

1. e4 e5 2. Nf3 Nc6 3. Bb5 Nf6 4. O-O d6 5. d4 exd4 6. Nxd4 Bd7 7. Nc3 Nxd4 8.
Qxd4 Bxb5 9. Nxb5 a6 10. Nc3 Be7 11. Bg5 O-O 12. Rad1 h6 13. Bh4 Ng4 14. Bxe7
Qxe7 15. Nd5 Qe5 16. f4 Qxd4+ 17. Rxd4 Nf6 18. Nxf6+ gxf6 19. Kf2 Rfe8 20. g4
Kh7 21. Kf3 a5 22. Rfd1 Ra6 23. Rc4 Rc6 24. Rxc6 bxc6 25. Rd4 Rb8 26. b3 Rb5
27. Rc4 c5 28. Ra4 Kg6 29. c4 Rb8 30. Rxa5 h5 31. gxh5+ Kxh5 32. Rb5 Rb6 33.
Rxb6 cxb6 34. Kg3 Kg6 35. f5+ Kg5 36. h4+ Kh5 37. Kh3 Kh6 38. Kg4 Kg7 39. a3
Kh7 40. Kf4 Kh6 41. b4 cxb4 42. axb4 Kh5 43. Kg3 Kh6 44. Kg4 Kh7 45. Kf4 Kh6
46. Ke3 Kh5 47. Kd4 Kxh4 48. Kd5 Kg4 49. Kxd6 Kf3 50. Kd5 Ke3 51. c5 bxc5 52.
bxc5 Kd3 53. c6 Kc3 54. c7 Kd3 55. c8=Q Ke3 56. Qc3+ Kf4 57. Qxf6 Kf3 58. e5
Kf4 59. e6 fxe6+ 60. fxe6+ Ke3 61. e7 {...to mate} 1-0

[Event "Mechanics' Leighton Allen TNM; G/2"]
[Site "San Francisco"]
[Date "2015.09.15"]
[Round "7.14"]
[White "Walder, Michael"]
[Black "Ochoa, Jason"]
[Result "1-0"]
[WhiteElo "2113"]
[BlackElo "1952"]
[PlyCount "75"]
[EventDate "2015.??.??"]

1. c4 Nf6 2. Nc3 g6 3. e4 d6 4. d4 c5 5. d5 Bg7 6. Nf3 Bg4 7. Be2 O-O 8. O-O
Nbd7 9. Be3 Bxf3 10. Bxf3 Ne5 11. Be2 h5 12. h3 Qb6 13. a3 a5 14. Qc2 a4 15. f4
Ned7 16. Nxa4 Rxa4 17. Qxa4 Qxb2 18. Bd3 Qc3 19. Qc2 Nxe4 20. Rab1 b6 21. Qxc3
Nxc3 22. Rb3 b5 23. Rc1 b4 24. Kf2 Ra8 25. Bd2 Na4 26. Rc2 Bd4+ 27. Kf3 Kg7 28.
g3 f5 29. Be2 Kf6 30. axb4 cxb4 31. Ra2 Ndc5 32. Rxb4 Ne4 33. Be1 Nec5 34. g4
fxg4+ 35. hxg4 hxg4+ 36. Kxg4 Nb6 37. Rd2 Bc3 38. Rxb6 1-0

[Event "Mechanics' Winter TNM; 30/90, SD/30"]
[Site "San Francisco"]
[Date "2015.01.06"]
[Round "1.9"]
[White "Walder, Michael"]
[Black "Ronen, Ari"]
[Result "1-0"]
[WhiteElo "2154"]
[BlackElo "1639"]
[Annotator "Donaldson"]
[PlyCount "59"]
[EventDate "2015.??.??"]

1. c4 e5 2. Nc3 f5 3. d4 exd4 4. Qxd4 Nc6 5. Qd1 (5. Qe3+ {
is the main move here as} Be7 6. Nd5 {is awkward for Black.}) 5... Bb4 6. g3
Bxc3+ 7. bxc3 b6 8. Bg2 Bb7 9. Nf3 Qf6 10. Nd4 Nge7 11. Bf4 O-O-O 12. h4 h6 13.
Nb5 d6 14. h5 a6 15. Nd4 Ne5 16. Bxb7+ Kxb7 17. Qa4 g5 18. hxg6 Qxg6 19. c5 Nf7
20. cxb6 cxb6 21. Rb1 d5 22. Qb4 Qf6 23. a4 a5 24. Qxa5 Ra8 25. Qb5 Rhd8 26. a5
Ra6 27. axb6 Rxb6 28. Qxb6+ Qxb6 29. Rxb6+ Kxb6 30. Rh5 1-0

[Event "Mechanics' Spring TNM; G/2"]
[Site "San Francisco"]
[Date "2015.03.24"]
[Round "2.9"]
[White "Walder, Michael"]
[Black "Sainz, Gualalupe"]
[Result "1-0"]
[WhiteElo "2143"]
[BlackElo "1835"]
[PlyCount "45"]
[EventDate "2015.??.??"]

1. c4 b6 2. Nc3 Bb7 3. e4 e6 4. d4 Bb4 5. d5 exd5 6. cxd5 Nf6 7. Bd3 O-O 8.
Nge2 h6 9. O-O c6 10. Qb3 Bc5 11. Bf4 cxd5 12. exd5 Nh5 13. Be3 Na6 14. Ne4 d6
15. Rad1 Nc7 16. N2c3 Rb8 17. Bb1 Re8 18. Rfe1 Bc8 19. Nxc5 bxc5 20. Qxb8 a6
21. f3 Qd7 22. Bf2 Rf8 23. g4 1-0

[Event "Mechanics' Winter TNM; 30/90, SD/30"]
[Site "San Francisco"]
[Date "2015.02.17"]
[Round "7.1"]
[White "Walder, Michael"]
[Black "Shaw, Tenzing"]
[Result "0-1"]
[WhiteElo "2154"]
[BlackElo "2255"]
[PlyCount "57"]
[EventDate "2015.??.??"]

1. d4 Nf6 2. c4 e6 3. Nf3 Bb4+ 4. Nbd2 O-O 5. a3 Be7 6. e4 d5 7. e5 Nfd7 8. Bd3
c5 9. Qc2 h6 10. O-O Nc6 11. Re1 cxd4 12. Nb3 Qb6 13. cxd5 exd5 14. e6 fxe6 15.
Rxe6 {Diagram #} Rxf3 $1 16. gxf3 Nde5 17. Bh7+ Kh8 18. Rxe7 Nxe7 19. Bf4 Nxf3+
20. Kh1 g6 21. Qe2 Qf6 22. Qxf3 Kxh7 23. Re1 Nc6 24. Qg3 Bf5 25. Nd2 Rf8 26.
Bd6 Rf7 27. b4 Rd7 28. Bc5 b6 29. b5 {White's flag fell.} 0-1

[Event "Mechanics' Spring TNM; G/2"]
[Site "San Francisco"]
[Date "2015.05.05"]
[Round "8.5"]
[White "Walder, Michael"]
[Black "Tsodikova, Natalya"]
[Result "0-1"]
[WhiteElo "2143"]
[BlackElo "2175"]
[PlyCount "78"]
[EventDate "2015.??.??"]

1. e4 e5 2. Nf3 Nc6 3. Bb5 Nge7 4. Nc3 g6 5. d4 exd4 6. Nxd4 Bg7 7. Be3 O-O 8.
O-O a6 9. Bc4 b5 10. Be2 Bb7 11. f4 f5 12. e5 Nxd4 13. Bxd4 d6 14. exd6 Qxd6
15. Bxg7 Kxg7 16. Qxd6 cxd6 17. a3 Be4 18. Bf3 d5 19. Rf2 Rac8 20. Rd1 Rc5 21.
Rfd2 Rfc8 22. Kf2 Rxc3 23. bxc3 Rxc3 24. Ra1 Kf6 25. a4 b4 26. a5 Rxc2 27. Rxc2
Bxc2 28. Bd1 Bxd1 29. Rxd1 Ke6 30. h3 Nc6 31. g4 d4 32. Ke2 Kd5 33. gxf5 gxf5
34. Rc1 b3 35. Rb1 Nxa5 36. Kd3 Kc5 37. Rc1+ Kb4 38. Kxd4 b2 39. Rc8 Nb3+ 0-1

[Event "Mechanics' Fall TNM; G/2"]
[Site "San Francisco"]
[Date "2015.12.08"]
[Round "8.1"]
[White "Walder, Michael S"]
[Black "Critelli, James Ma"]
[Result "1-0"]
[WhiteElo "2113"]
[BlackElo "2376"]
[Annotator "Donaldson"]
[PlyCount "53"]
[EventDate "2015.??.??"]

1. c4 e5 2. g3 Nc6 3. Nc3 f5 4. Nf3 Nf6 5. d4 e4 6. Nh4 d6 7. d5 Ne5 8. f4 Nf7
9. Be3 g6 10. Qd2 Bg7 11. O-O-O a6 12. Bd4 Bd7 13. e3 Qe7 14. Be2 Rb8 15. h3 b5
16. g4 Kf8 17. gxf5 gxf5 18. Rhg1 Rg8 {Diagram #} 19. Rg6 $5 (19. cxb5 axb5 20.
Bxb5 $1 Bxb5 21. Nxf5 Qd7 22. Nxg7 Rxg7 23. Rxg7 Kxg7 24. Qg2+ Kf8 25. Bxf6)
19... Bh8 20. Rxg8+ Nxg8 21. Bxh8 Nxh8 22. Qd4 Qxh4 23. Qxh8 Qxh3 24. Qd4 bxc4
$4 (24... Kf7 25. Qa7 Rc8 26. cxb5 axb5 27. Bxb5 $16) (24... Qh4 $1 $14) 25.
Rg1 $1 Qh6 26. Qh8 Re8 27. Bh5 1-0

[Event "Mechanics' Fall TNM; G/2"]
[Site "San Francisco"]
[Date "2015.10.27"]
[Round "2.6"]
[White "Walder, Michael S"]
[Black "Drane, Robert W"]
[Result "0-1"]
[WhiteElo "2113"]
[BlackElo "1909"]
[Annotator "Donaldson"]
[PlyCount "92"]
[EventDate "2015.??.??"]

1. c4 f5 2. Nc3 Nf6 3. g3 e5 4. Bg2 g6 5. Nf3 Nc6 6. O-O Bg7 7. d3 O-O 8. Rb1
a5 9. a3 d6 10. b4 axb4 11. axb4 Be6 12. b5 Ne7 13. Bd2 (13. Ng5 Bc8 14. f4 {
was a way to try to exploit Black's not playing ...h6, but it is not clear it
favors White.}) 13... h6 14. Qc2 Qe8 15. e4 (15. Ra1 {
is another way to handle the position.}) 15... g5 16. Nd5 Rc8 (16... Nexd5 17.
cxd5 Bd7) 17. b6 cxb6 18. Nxf6+ Rxf6 19. exf5 Bxf5 20. Rxb6 Bg4 21. Nxg5 $5 {
Interesting although} (21. Ne1 {looks a little better for White.}) 21... hxg5
22. Bxg5 Rg6 23. Bd2 Nc6 24. Rxb7 $4 (24. Be3 {or}) (24. Bc3 {were necessary
to trade the knight off if it heads for d4. White understandibly wants his
third pawn for the piece, but now Black's knight becomes very powerful.}) 24...
Nd4 25. Qa2 Bf3 $1 26. Rb6 Qf7 27. Re1 Bxg2 28. Kxg2 Qf3+ 29. Kg1 {Diagram [#]}
Ne2+ $1 30. Rxe2 {Forced as} (30. Kf1 {is met by} Rxg3 $1 {
with mate soon to follow.}) 30... Qxe2 31. Qa6 Rf8 32. Be3 Bh6 33. Rxd6 Qd1+
34. Kg2 Qf3+ 35. Kg1 Rxd6 36. Qxd6 Qf6 $4 (36... Bxe3 {won the spot. Maybe
Black saw one ghost in an otherwise well-played game. As there is no perpetual
as the bishop on e3 still covers h6.}) 37. Qd5+ Kh7 38. Qe4+ Qf5 39. Qxf5+ (39.
Qh4 Rf6 40. g4 Qf3 41. h3 (41. g5 Ra6) 41... Kg7 (41... Ra6 42. Qe7+) 42. g5
Rg6 43. Kh2 Kg8 44. c5 Kf8 45. Bd2 Bg7 46. Be3 {was another idea. Black should
be winning butb White has some practical chances.}) 39... Rxf5 40. Kg2 $2 (40.
Bxh6 Kxh6 41. Kf1 {heading to the center was necessary. The Encyclopedia of
Chess Endings volume covering rook versus pawns gives many examples with three
pawns versus the rook but none with the present material distribution. White's
pawn are not very far advanced but he has four extra ones! One possible plan
for White might be to play his king to e3 and then put his pawns on f3, g4 and
h5.}) 40... Bxe3 41. fxe3 Kg6 42. g4 (42. d4 exd4 43. exd4 Rf8 {
and the queenside pawns will soon fall.}) 42... Rf8 43. h4 Rd8 44. Kf3 Rxd3 45.
Ke4 Rc3 46. Kxe5 Rxc4 0-1

[Event "Mechanics' Fall TNM; G/2"]
[Site "San Francisco"]
[Date "2015.11.24"]
[Round "6.7"]
[White "Walder, Michael S"]
[Black "Gaffagan, Steven"]
[Result "1-0"]
[WhiteElo "2113"]
[BlackElo "2066"]
[PlyCount "71"]
[EventDate "2015.??.??"]

1. c4 g6 2. g3 Bg7 3. Bg2 e5 4. Nc3 d6 5. e3 Nc6 6. Nge2 f5 7. d3 Nf6 8. Rb1
O-O 9. O-O Be6 10. Nd5 Qd7 11. b4 Rae8 12. b5 Nd8 13. Qa4 b6 14. Qxa7 Bxd5 15.
cxd5 Nf7 16. Qa4 g5 17. Qc2 h5 18. f4 exf4 19. exf4 Ng4 20. fxg5 Ne3 21. Bxe3
Rxe3 22. Nf4 Nxg5 23. h4 Qe7 24. hxg5 Qxg5 25. Ne6 Qxg3 26. Qf2 Rf7 27. Qxg3
Rxg3 28. Rf3 h4 29. Rxg3 hxg3 30. Rc1 Bh6 31. Rxc7 Be3+ 32. Kf1 Rf6 33. Rg7+
Kh8 34. Rxg3 f4 35. Rh3+ Kg8 36. Be4 {
and White went on to win. Remaining moves unavailable.} 1-0

[Event "Mechanics' Fall TNM; G/2"]
[Site "San Francisco"]
[Date "2015.11.10"]
[Round "4.8"]
[White "Walder, Michael S"]
[Black "Melville, Cailen J"]
[Result "1-0"]
[WhiteElo "2113"]
[BlackElo "1816"]
[Annotator "Winslow"]
[PlyCount "31"]
[EventDate "2015.??.??"]

1. c4 b6 2. Nc3 e6 3. e4 Bb7 4. Nge2 Bb4 5. g3 f5 6. Bg2 {
An effective counter to Owen's Defense!} Nf6 7. O-O fxe4 8. d3 $1 exd3 9. Bxb7
dxe2 10. Qxe2 Nc6 {Diagram [#]} 11. Bxc6 $1 {
If e6 goes, it's going to be open season on Black's king.} Bxc3 12. Bxa8 Qxa8
13. bxc3 h5 14. Bg5 Ng4 15. Rad1 Rf8 16. h3 1-0

[Event "Mechanics' Summer TNM; G/2"]
[Site "San Francisco"]
[Date "2015.06.02"]
[Round "2.5"]
[White "Walder, Michael S"]
[Black "Royzen, Igor"]
[Result "1-0"]
[WhiteElo "2118"]
[BlackElo "1878"]
[PlyCount "55"]
[EventDate "2015.??.??"]

1. d4 Nf6 2. c4 c5 3. d5 b5 4. Nf3 g6 5. Qc2 d6 6. e4 Bg7 7. cxb5 a6 8. Nc3 O-O
9. a4 Nbd7 10. Nd2 e6 11. dxe6 fxe6 12. Be2 d5 13. exd5 exd5 14. O-O Ne5 15.
bxa6 Bf5 16. Qd1 d4 17. Nc4 Nfd7 18. Nb5 d3 19. Bf3 Nxf3+ 20. Qxf3 Rxa6 21.
Nbd6 Be6 22. Qxd3 Ne5 23. Nxe5 Rxd6 24. Qg3 Qf6 25. Ng4 Qd4 26. Be3 Qb4 27.
Qxd6 Qxg4 28. Bxc5 1-0

[Event "Mechanics' Fall TNM; G/2"]
[Site "San Francisco"]
[Date "2015.12.01"]
[Round "7.4"]
[White "Walder, Michael S"]
[Black "Uzzaman, Ashik"]
[Result "1-0"]
[WhiteElo "2113"]
[BlackElo "2057"]
[PlyCount "71"]
[EventDate "2015.??.??"]

1. c4 c5 2. g3 Nc6 3. Bg2 Nf6 4. Nf3 e6 5. O-O d5 6. b3 Be7 7. Bb2 d4 8. e3 e5
9. exd4 exd4 10. Re1 O-O 11. d3 Bg4 12. h3 Bh5 13. g4 Bg6 14. Nh4 Qd7 15. Nxg6
fxg6 16. Nd2 Rae8 17. a3 Kh8 18. Qc2 Bd8 19. Ne4 Nxe4 20. Rxe4 Bh4 21. Rf1 Re7
22. Bc1 Ref7 23. f4 Qc7 24. Qe2 h6 25. Bd2 Na5 26. b4 Nb3 27. bxc5 Nxd2 28.
Qxd2 Qxc5 29. Qb4 Qc7 30. Re6 Rxf4 31. Qxf8+ Rxf8 32. Rxf8+ Kh7 33. Ree8 g5 34.
Rh8+ Kg6 35. Be4+ Kf6 36. Rhf8+ 1-0

[Event "Mechanics' Winter TNM; 30/90, SD/30"]
[Site "San Francisco"]
[Date "2015.02.10"]
[Round "6.14"]
[White "Wang, Michael"]
[Black "Drane, Robert"]
[Result "1-0"]
[WhiteElo "1948"]
[BlackElo "1800"]
[PlyCount "93"]
[EventDate "2015.??.??"]

1. e4 Nf6 2. Nc3 d5 3. exd5 Nxd5 4. Bc4 Nb6 5. Bb3 Nc6 6. d3 Nd4 7. Be3 Nxb3 8.
axb3 c6 9. Nge2 Bg4 10. f3 Bf5 11. Ng3 Bg6 12. Qe2 e6 13. O-O Bd6 14. Nge4 Bc7
15. Bc5 Nd5 16. g3 h5 17. f4 Bxe4 18. Nxe4 b6 19. Bd4 f6 20. Rae1 Nxf4 {
Diagram #} 21. Nxf6+ $1 gxf6 22. Rxf4 e5 23. Bc3 Qd6 24. Qf2 Rh6 25. d4 Qe7 26.
dxe5 fxe5 27. Rfe4 Re6 28. Qe2 O-O-O 29. Qxh5 Re8 30. b4 Bd6 31. Qg4 Kb7 32.
Rf1 Rh6 33. Bd2 Rhh8 34. Bg5 Qh7 35. h4 Rhf8 36. Rd1 Kc7 37. Rc4 Qf7 38. Qe2 e4
39. b5 c5 40. Ra4 a5 41. Rxe4 Bxg3 42. Rxe8 Qxe8 43. Qg2 Be5 44. Qc6+ Kb8 45.
Qxb6+ Kc8 46. Qxc5+ Bc7 47. b6 1-0

[Event "Mechanics' Winter TNM; 30/90, SD/30"]
[Site "San Francisco"]
[Date "2015.02.24"]
[Round "8.17"]
[White "Wang, Michael"]
[Black "Gerwin, Gene"]
[Result "1-0"]
[WhiteElo "1950"]
[BlackElo "1910"]
[PlyCount "97"]
[EventDate "2015.??.??"]

1. e4 d6 2. g3 c6 3. Bg2 e5 4. d3 f5 5. Nc3 Nf6 6. f4 fxe4 7. dxe4 Bg4 8. Qd3
Nbd7 9. Be3 Qa5 10. h3 Be6 11. Nf3 Nc5 12. Qd2 O-O-O 13. O-O Be7 14. Rfb1 exf4
15. gxf4 Ncd7 16. Nd4 Nf8 17. b4 Qc7 18. Nxe6 Nxe6 19. Qf2 b6 20. a4 Kd7 21. b5
Ke8 22. e5 Nd5 23. Nxd5 cxd5 24. Bxd5 Nc5 25. Bc6+ Kf8 26. Bd4 d5 27. f5 Ne4
28. Qg2 Bc5 29. Bxc5+ bxc5 30. Qh2 c4 31. Qf4 Nc3 32. Re1 h5 33. f6 Rh6 34. Kh1
Rxf6 35. Qd4 Rf3 36. Rf1 Qf7 37. Kg2 Rg3+ 38. Kh2 Rf3 39. Qh4 g5 40. Qxg5 Rf2+
41. Rxf2 Qxf2+ 42. Qg2 Qf4+ 43. Qg3 Qxg3+ 44. Kxg3 Ke7 45. Kf4 Rf8+ 46. Ke3 Ke6
47. Kd4 Ne2+ 48. Kc5 Nc3 49. Ra3 1-0

[Event "Mechanics' Winter TNM; 30/90, SD/30"]
[Site "San Francisco"]
[Date "2015.01.06"]
[Round "1.19"]
[White "Wang, Michael"]
[Black "Morgan, Jerry"]
[Result "1-0"]
[WhiteElo "1948"]
[BlackElo "1524"]
[PlyCount "59"]
[EventDate "2015.??.??"]

1. e4 Nf6 2. e5 Nd5 3. c4 Nb6 4. d4 d6 5. exd6 exd6 6. Nc3 Nc6 7. Be3 Be7 8.
Nf3 Bg4 9. Rc1 O-O 10. h3 Bxf3 11. Qxf3 Bf6 12. Qd1 d5 13. c5 Nc8 14. Be2 N8e7
15. g4 Bh4 16. O-O f5 17. f4 Ng6 {Diagram #} 18. Nxd5 $1 fxg4 19. hxg4 Kh8 20.
Bf3 Bg3 21. f5 Qh4 22. Qd2 Nce5 23. dxe5 Nxe5 24. Bf4 c6 25. Qg2 Nxf3+ 26. Rxf3
Bxf4 27. Nxf4 Rae8 28. Ne6 Rf7 29. Rd1 Kg8 30. Rfd3 1-0

[Event "Mechanics' Winter TNM; 30/90, SD/30"]
[Site "San Francisco"]
[Date "2015.01.27"]
[Round "4.11"]
[White "Wang, Michael"]
[Black "Rosenstein, Perry"]
[Result "1-0"]
[WhiteElo "1948"]
[BlackElo "1745"]
[Annotator "Donaldson"]
[PlyCount "39"]
[EventDate "2015.??.??"]

1. e4 c5 2. Nf3 g6 3. d4 cxd4 4. Nxd4 Bg7 5. Be3 Nf6 6. Nc3 O-O 7. Bc4 Nc6 8.
Bb3 a5 9. a4 e6 (9... Ng4) 10. Ndb5 d5 11. Bc5 Re8 12. Nd6 Nxe4 13. Ncxe4 dxe4
14. Nxe8 Qxe8 15. c3 Ne5 16. O-O Nd3 17. Ba3 b6 18. Bc4 Bb7 19. Bxd3 Rd8 20.
Bb5 1-0

[Event "Mechanics' Winter TNM; 30/90, SD/30"]
[Site "San Francisco"]
[Date "2015.01.27"]
[Round "4.3"]
[White "Whitehead, Paul"]
[Black "Bayaraa, Chinguun"]
[Result "1/2-1/2"]
[WhiteElo "2365"]
[BlackElo "2062"]
[Annotator "Donaldson"]
[PlyCount "114"]
[EventDate "2015.??.??"]

1. Nf3 d5 2. g3 c5 3. Bg2 e6 4. O-O Nc6 5. d3 Nf6 6. Nbd2 Be7 7. e4 b6 8. Re1
Bb7 9. a3 Qc7 10. Qe2 dxe4 11. dxe4 O-O 12. e5 Nd7 13. c3 Rfd8 14. Nf1 Nf8 15.
h4 Na5 16. Bg5 c4 17. Bxe7 Qxe7 18. Nd4 Bxg2 19. Kxg2 Rac8 20. Nb5 Rc5 21. Nd6
f6 22. Qg4 fxe5 23. Ne4 Rcc8 24. Ne3 (24. Nh2) 24... Nb3 25. Rad1 b5 26. h5 h6
27. Qf3 Nh7 28. Ng4 Rd5 29. Ne3 Rxd1 30. Rxd1 Rf8 31. Qe2 Ng5 32. Nxg5 Qxg5 33.
Ng4 Nc1 34. Rxc1 Qxc1 35. Qxe5 Qg5 36. Qxe6+ Kh7 37. a4 Qf5 38. Qg6+ Qxg6 39.
hxg6+ Kxg6 40. axb5 Rf5 41. Ne3 Rxb5 42. Nxc4 Rc5 43. Ne3 Rb5 44. Nc4 Rc5 45.
Ne3 Kf6 46. f4 Rb5 47. b4 a5 48. bxa5 Rxa5 49. Kf3 Rc5 50. c4 h5 51. Ke4 g5 52.
fxg5+ Kxg5 53. Kd4 Rc8 54. c5 h4 55. gxh4+ Kxh4 56. Nf5+ Kh3 57. Kd5 Rxc5+
1/2-1/2

[Event "Mechanics' Winter TNM; 30/90, SD/30"]
[Site "San Francisco"]
[Date "2015.02.24"]
[Round "8.3"]
[White "Whitehead, Paul"]
[Black "Gaffagan, Steven"]
[Result "1/2-1/2"]
[WhiteElo "2365"]
[BlackElo "2150"]
[PlyCount "65"]
[EventDate "2015.??.??"]

1. e4 e5 2. Nf3 Nc6 3. Bb5 a6 4. Ba4 Nf6 5. O-O Be7 6. Re1 b5 7. Bb3 d6 8. c3
O-O 9. d4 Bg4 10. h3 Bh5 11. d5 Na5 12. Bc2 c6 13. dxc6 Qc7 14. Nbd2 Nc4 15.
Nf1 Qxc6 16. Ng3 Bg6 17. b3 Nb6 18. Bd2 Rfe8 19. Rc1 Rac8 20. Nh4 Qb7 21. Nhf5
Bf8 22. Bg5 Re6 23. Bb1 Nfd7 24. h4 f6 25. Bd2 Kh8 26. Qg4 Bxf5 27. Qxf5 Rce8
28. h5 Nc5 29. Be3 Qc8 30. Red1 Qc7 31. Nf1 Qf7 32. Qf3 g6 33. Ng3 1/2-1/2

[Event "Mechanics' Winter TNM; 30/90, SD/30"]
[Site "San Francisco"]
[Date "2015.01.13"]
[Round "2.19"]
[White "Whitehead, Paul"]
[Black "Newey, Richard"]
[Result "1-0"]
[WhiteElo "2365"]
[BlackElo "1755"]
[PlyCount "35"]
[EventDate "2015.??.??"]

1. e4 e5 2. Nf3 Nc6 3. Bb5 d6 4. d4 exd4 5. Nxd4 Bd7 6. Nc3 g6 7. h4 h5 8. Bg5
Be7 9. Qd2 Bxg5 10. hxg5 Nge7 11. f4 Bg4 12. Nd5 Nxd5 13. exd5 Qe7+ 14. Kf2
O-O-O 15. dxc6 d5 16. cxb7+ Kxb7 17. Bc6+ Kc8 18. Qa5 1-0

[Event "Mechanics' Winter TNM; 30/90, SD/30"]
[Site "San Francisco"]
[Date "2015.02.17"]
[Round "7.6"]
[White "Whitehead, Paul"]
[Black "Wang, Michael"]
[Result "1-0"]
[WhiteElo "2365"]
[BlackElo "1948"]
[PlyCount "37"]
[EventDate "2015.??.??"]

1. e4 c5 2. Nf3 d6 3. Bb5+ Bd7 4. a4 Nc6 5. O-O Nf6 6. Re1 e6 7. c3 Be7 8. d4
O-O 9. dxc5 dxc5 10. e5 Nd5 11. Bd3 f5 12. exf6 Bxf6 13. Nbd2 Kh8 14. Ne4 Ne5
15. Nxe5 Bxe5 16. Qh5 Rf5 17. Ng5 Nf6 18. Nf7+ Kg8 19. Qxf5 1-0